000 00799nam a22002177a 4500
005 20140801123056.0
010 _aENG-109956
020 _a9789351431497
_c995.00
035 _aEN-93489
037 _bDBAD/PUB
082 _a340.59
100 _aMulla, Dinshaw Fardunji
245 _aPrinciples of Mahomedan Law incorporating The Wakf (Amendment) act, 2013 with effect from 1 November, 2013 /
_cby Dinshaw Fardunji Mulla; revised by Iqbal Ali Khan ; foreworded by Salman Khurshid
250 _a20th updated ed
260 _aGurgaon
_bLexis Nexis
_c2014
270 _a14th Floor, Bldg No.10, Tower-B, DLF Cyber City, Phase-II
_bGurgaon
_e122002
300 _alxxxvi,645p.
_c24cm(pbk)
500 _aIncludes index
700 _aIqbal Ali Khan
942 _2ddc
_cEN
_mMUL
_h340.59
999 _c84379
_d84379